00473cam a2200169 a 4500001000800000005001700008008004100025010001700066020001500083040001800098041000800116080001300124082001700137100000700154101000800161245013400169254410520180122074312.0941212s1995 ohu d 000 0 eng  a 94046931  a0028603117 aDLCcDLCdDLC aeng a423 VIC00a423 VIC220 a22 aFJA00aWebster's New World compact school and office dictionary /cVictoria Neufeldt, editor in chief, Andrew N. Sparks, project editor.